[Event "Arco op 40th"]
[Site "Arco"]
[Date "2018.10.17"]
[Round "5"]
[White "Morselli, Stefano"]
[Black "Dagnino, Marcello"]
[Result "1-0"]
[WhiteElo "1762"]
[BlackElo "1416"]
[PlyCount "119"]
[EventDate "2018.10.13"]
[EventType "swiss"]
[EventRounds "9"]
[EventCountry "ITA"]
[SourceTitle "CBM 186 Extra"]
[Source "ChessBase"]
[SourceDate "2018.08.24"]
[SourceVersion "1"]
[SourceVersionDate "2018.08.24"]
[SourceQuality "1"]

1. e4 c6 2. d4 d5 3. e5 Bf5 4. Bd3 Bxd3 5. Qxd3 e6 6. f4 Nd7 7. Nf3 g6 8. Bd2 Nh6 9. 0-0 Be7 10. Nc3 b5 11. Nd1 a5 12. Nf2 Nf5 13. g4 Ng7 14. c3 Nb6 15. b3 a4 16. Kh1 Kd7 17. f5 gxf5 18. Bh6 Qg8 19. Bxg7 Qxg7 20. gxf5 Qh6 21. f6 Ba3 22. Nd2 Bf8 23. c4 Qg6 24. cxb5 Qxd3 25. bxc6+ Kc7 26. Nxd3 Bh6 27. Nf3 Rhg8 28. b4 Kxc6 29. Rg1 Rg6 30. Rxg6 hxg6 31. h4 Rh8 32. Kg2 Rc8 33. Kg3 Kb5 34. Nc5 Rc7 35. Ng5 Bxg5 36. hxg5 Nc4 37. Rf1 Ne3 38. Rc1 Nf5+ 39. Kg2 Nxd4 40. a3 Nf5 41. Kf3 Rc6 42. Rh1 Nd4+ 43. Kg4 Kc4 44. Rh7 Rc7 45. Kf4 Kb5 46. Rh8 Nc6 47. Ra8 Na7 48. Ke3 Kc4 49. Rb8 Nc6 50. Rb7 Rxb7 51. Nxb7 Nxe5 52. Nd6+ Kb3 53. Kd4 Nf3+ 54. Kc5 Ne5 55. Nb5 Kb2 56. Kd4 Nf3+ 57. Ke3 Nxg5 58. Nd6 e5 59. b5 d4+ 60. Kd3 1-0

[Event "World Amateur-ch U1700"]
[Site "Cagliari"]
[Date "2018.04.23"]
[Round "3"]
[White "Dagnino, Marcello"]
[Black "Hasinski, Sebastian"]
[Result "0-1"]
[WhiteElo "1453"]
[BlackElo "1568"]
[PlyCount "64"]
[EventDate "2018.04.22"]
[EventType "swiss"]
[EventRounds "9"]
[EventCountry "ITA"]
[SourceTitle "CBM 184 Extra"]
[Source "ChessBase"]
[SourceDate "2018.06.28"]
[SourceVersion "1"]
[SourceVersionDate "2018.06.28"]
[SourceQuality "1"]

1. b3 d5 2. Bb2 Bf5 3. e3 e6 4. Nf3 Nf6 5. h3 c5 6. Bb5+ Nbd7 7. Ne5 Bd6 8. Nxd7 Nxd7 9. 0-0 Qg5 10. Bxd7+ Kxd7 11. Qf3 Rhf8 12. d3 Rad8 13. e4 Bg6 14. Qe3 Qxe3 15. fxe3 dxe4 16. d4 cxd4 17. Bxd4 e5 18. Bc3 f6 19. Rd1 Kc8 20. Nd2 Bc5 21. Nc4 b5 22. b4 bxc4 23. bxc5 Rxd1+ 24. Rxd1 Be8 25. Rd2 Ba4 26. Ba5 Bc6 27. c3 f5 28. g3 g5 29. Rd6 Kb7 30. Re6 f4 31. Rxe5 fxe3 32. Bb4 e2 0-1

[Event "Nicolosi Etna op 1st"]
[Site "Nicolosi"]
[Date "2014.12.08"]
[Round "7"]
[White "Tirenna, Francesco"]
[Black "Dagnino, Marcello"]
[Result "0-1"]
[WhiteElo "1422"]
[BlackElo "1524"]
[PlyCount "128"]
[EventDate "2014.12.05"]
[EventType "swiss"]
[EventRounds "7"]
[EventCountry "ITA"]
[SourceTitle "CBM 163 Extra"]
[Source "ChessBase"]
[SourceDate "2014.12.23"]
[SourceVersion "1"]
[SourceVersionDate "2014.12.23"]
[SourceQuality "1"]

1. d4 Nf6 2. Bf4 c6 3. e3 d6 4. c4 Qa5+ 5. Qd2 Qxd2+ 6. Nxd2 g6 7. h3 Bg7 8. Ngf3 Nbd7 9. Bd3 0-0 10. 0-0 Re8 11. Rad1 h6 12. Rfe1 d5 13. c5 Nh7 14. b4 e5 15. dxe5 Nxe5 16. Nxe5 g5 17. Bh2 Bxe5 18. Bxe5 Rxe5 19. Nf3 Re7 20. Nd4 Bd7 21. Bf5 Be6 22. a4 a6 23. Re2 Nf6 24. Nxe6 fxe6 25. Bc2 Kf7 26. Red2 e5 27. f3 Rae8 28. g4 Nd7 29. h4 Rh8 30. h5 Nf8 31. Bb3 Kf6 32. b5 Ne6 33. Rc1 Nc7 34. b6 Ne6 35. a5 Rf8 36. Kf2 Kg7 37. Bd1 Ref7 38. Kg3 Rf6 39. Rf2 Kf7 40. Bb3 Ke7 41. Rcc2 Rd8 42. Rfd2 Rdf8 43. Rf2 e4 44. fxe4 Rxf2 45. Rxf2 Rxf2 46. Kxf2 Nxc5 47. exd5 Nxb3 48. dxc6 Nc5 49. c7 Kd7 50. Kf3 Nb3 51. Ke4 Nxa5 52. Kf5 Nc6 53. e4 a5 54. Kg6 a4 55. Kxh6 a3 56. Kxg5 a2 57. h6 a1Q 58. h7 Qh8 59. Kh6 Ne7 60. g5 Qf8+ 61. Kh5 Qg7 62. e5 Qxh7+ 63. Kg4 Nc8 64. Kf4 Ke6 0-1

[Event "Terre degli Elimi op 3rd"]
[Site "Erice"]
[Date "2012.07.27"]
[Round "3"]
[White "Dagnino, Marcello"]
[Black "Galante, Benedetto"]
[Result "1-0"]
[WhiteElo "1514"]
[BlackElo "1657"]
[PlyCount "95"]
[EventDate "2012.07.25"]
[EventType "swiss"]
[EventRounds "7"]
[EventCountry "ITA"]
[SourceTitle "EXT 2013"]
[Source "ChessBase"]
[SourceDate "2012.11.22"]
[SourceVersion "1"]
[SourceVersionDate "2012.11.22"]
[SourceQuality "1"]

1. e4 b6 2. Nf3 Bb7 3. Nc3 e6 4. Be2 Nf6 5. d3 Bb4 6. Bd2 0-0 7. a3 Be7 8. 0-0 c5 9. Ne1 Nc6 10. f4 Nd4 11. Nf3 Nxe2+ 12. Qxe2 d6 13. Rae1 Qc7 14. e5 Nd7 15. exd6 Bxd6 16. Nb5 Qb8 17. Nxd6 Qxd6 18. Ne5 Nf6 19. Bc3 Nd5 20. Bd2 a5 21. Nc4 Qd8 22. Qf3 a4 23. Re2 b5 24. Ne5 Rc8 25. Ng4 c4 26. Qe4 cxd3 27. Qxd3 Ra8 28. Qg3 b4 29. Re5 bxa3 30. bxa3 Ba6 31. Rfe1 Qe7 32. Rxd5 Qc7 33. Rh5 Qxc2 34. Nf6+ Kh8 35. Rxh7+ Qxh7 36. Nxh7 Kxh7 37. Bb4 Rfd8 38. Qh3+ Kg8 39. Qf3 Bc4 40. h3 Rac8 41. Kh2 Rd2 42. Bxd2 Bd5 43. Qd3 Rb8 44. Rb1 Rc8 45. f5 f6 46. fxe6 Bxe6 47. Rb7 Bf7 48. Rxf7 1-0

[Event "Sicilia Regional-ch"]
[Site "Erice"]
[Date "2009.06.02"]
[Round "6"]
[White "Dagnino, Marcello"]
[Black "Mancuso, Fabrizio"]
[Result "1/2-1/2"]
[WhiteElo "1419"]
[BlackElo "1305"]
[PlyCount "93"]
[EventDate "2009.05.30"]
[EventType "swiss"]
[EventRounds "7"]
[EventCountry "ITA"]
[SourceTitle "EXT 2011"]
[Source "ChessBase"]
[SourceDate "2010.11.26"]
[SourceVersion "1"]
[SourceVersionDate "2010.11.26"]
[SourceQuality "1"]

1. e4 e5 2. Nf3 Nc6 3. d4 exd4 4. Nxd4 Nxd4 5. Qxd4 Nf6 6. Bd3 d6 7. h3 c5 8. Qe3 g6 9. Nc3 Bg7 10. 0-0 0-0 11. Qf3 a6 12. a4 Be6 13. Bg5 h6 14. Bh4 c4 15. Be2 g5 16. Bg3 d5 17. exd5 Nxd5 18. Rfd1 Bxc3 19. bxc3 Qa5 20. Be5 f6 21. Bd4 Nf4 22. Qe3 Qf5 23. Bg4 Qd5 24. Bxe6+ Qxe6 25. Qxe6+ Nxe6 26. Bb6 f5 27. Rd7 Rab8 28. Rad1 Nf4 29. Re1 Rfe8 30. Rde7 Kf8 31. Bc5 Rxe7 32. Bxe7+ Kf7 33. Bd6 Re8 34. Rxe8 Kxe8 35. Bxf4 gxf4 36. Kf1 Kd7 37. Ke2 Kc6 38. Kf3 b5 39. a5 Kc5 40. Ke2 b4 41. Kd2 Kb5 42. cxb4 Kxb4 43. c3+ Kxa5 44. Kc2 Ka4 45. Kb2 a5 46. f3 h5 47. h4 1/2-1/2

[Event "Sicilia Regional-ch"]
[Site "Erice"]
[Date "2009.06.01"]
[Round "5"]
[White "Dagnino, Marcello"]
[Black "Miles, Raymond"]
[Result "1/2-1/2"]
[WhiteElo "1419"]
[BlackElo "1434"]
[PlyCount "129"]
[EventDate "2009.05.30"]
[EventType "swiss"]
[EventRounds "7"]
[EventCountry "ITA"]
[SourceTitle "EXT 2011"]
[Source "ChessBase"]
[SourceDate "2010.11.26"]
[SourceVersion "1"]
[SourceVersionDate "2010.11.26"]
[SourceQuality "1"]

1. e4 c5 2. Nf3 d6 3. d4 cxd4 4. Nxd4 Nf6 5. Nc3 a6 6. Be2 e5 7. Nf3 Be7 8. 0-0 0-0 9. Bc4 Nbd7 10. Ng5 b5 11. Bb3 Bb7 12. f3 Rc8 13. a3 Nb6 14. Be3 h6 15. Nh3 Re8 16. Qc1 Bf8 17. Nf2 Re7 18. Ng4 Nxg4 19. fxg4 Rd7 20. g5 d5 21. exd5 Bxd5 22. Bxd5 Nxd5 23. Nxd5 Rxd5 24. gxh6 Bc5 25. c3 Bxe3+ 26. Qxe3 gxh6 27. Qxh6 Rd6 28. Qe3 Qb6 29. Qxb6 Rxb6 30. Rad1 e4 31. g4 Re8 32. Rd7 e3 33. Rdxf7 e2 34. R7f2 exf1Q+ 35. Kxf1 Rf8 36. h4 Rxf2+ 37. Kxf2 Rg6 38. Kg3 Kh7 39. Kf4 Kg7 40. g5 Kf7 41. h5 Rg8 42. Kf5 Rf8 43. g6+ Kg7+ 44. Kg5 Rh8 45. b3 Rc8 46. h6+ Kh8 47. c4 bxc4 48. bxc4 Rxc4 49. Kf6 Rh4 50. h7 Rf4+ 51. Kg5 Rf1 52. Kh6 Rh1+ 53. Kg5 Kg7 54. a4 Rg1+ 55. Kf5 Rxg6 56. h8Q+ Kxh8 57. Kxg6 Kg8 58. Kf6 Kf8 59. Ke6 Ke8 60. Kd6 Kd8 61. Kc6 Kc8 62. Kb6 Kb8 63. Kxa6 Ka8 64. a5 Kb8 65. Kb6 1/2-1/2